An Account of the Voyages Undertaken by the Order of His Present Majesty, for making Discoveries in the Southern Hemisphere, and successively
Saved in:
| Main Author: | |
|---|---|
| Format: | Book |
| Language: | English |
| Published: |
Dublin
A. Leathley
1773
|
| Edition: | 1a. ed |
| Subjects: | |
| Tags: |
Add Tag
No Tags, Be the first to tag this record!
|
MARC
| LEADER | 00000nam a2200000 a 4500 | ||
|---|---|---|---|
| 001 | UCJ8590 | ||
| 003 | CL-VaPUC | ||
| 008 | 070124e17730000ie |||||||||||||||||eng|d | ||
| 082 | 0 | 4 | |a 910.4 |b HAW |2 21 |
| 100 | |a Hawkesworth, John |e author |9 517430 | ||
| 245 | 1 | 3 | |a An Account of the Voyages Undertaken by the Order of His Present Majesty, for making Discoveries in the Southern Hemisphere, and successively |
| 250 | |a 1a. ed | ||
| 300 | |a 3 v | ||
| 942 | |c BK | ||
| 945 | |d 20070124 00:00:00 |a rinostro | ||
| 260 | |a Dublin |b A. Leathley |c 1773 | ||
| 500 | |a Performed by Commodore Byron, Captain Carteret, Captain Wallis, And Captain Cook, In the Dolphin, the Swallow, and the Endeavour: Drawn up from the Journals which were kept by the several Commanders, and from the Papers of Joseph Banks, Esq; By John Hawkesworth, LL. D. In three volumes. Dublin: Printed for A. Leathley, J. Exshaw, W. Sleater, M. Hay... MDCCLXXIII | ||
| 650 | 0 | |a Viajes |9 257115 | |
| 650 | 0 | |a Descubrimientos geográficos |9 331933 | |
| 650 | 0 | |a Aborígenes |9 329972 | |
| 650 | 0 | |a Etnología |9 258726 | |
| 650 | 0 | |a Recursos naturales |9 255232 | |
| 583 | |a last modification |c 20180109 06:46:30 |k Rodrigo Vera | ||
| 999 | |c 324262 |d 324260 | ||
| 952 | |0 0 |1 0 |4 0 |6 910_400000000000000_HAW_1773 |7 0 |8 X |9 404272 |a FDOBUD |b FDOBUD |d 2019-11-22 |h v.1 |i 1080067 |o 910.4 HAW 1773 |p 1080067 |r 2019-11-22 |w 2019-11-22 |y BK_X |k BUD | ||
| 952 | |0 0 |1 0 |4 0 |6 910_400000000000000_HAW_1773 |7 0 |8 X |9 404273 |a FDOBUD |b FDOBUD |d 2019-11-22 |h v.2 |i 1080075 |o 910.4 HAW 1773 |p 1080075 |r 2019-11-22 |w 2019-11-22 |y BK_X |k BUD | ||
| 952 | |0 0 |1 0 |4 0 |6 910_400000000000000_HAW_1773 |7 0 |8 X |9 404274 |a FDOBUD |b FDOBUD |d 2019-11-22 |h v.3 |i 1080083 |o 910.4 HAW 1773 |p 1080083 |r 2019-11-22 |w 2019-11-22 |y BK_X |k BUD | ||